| 000 | 00899cam a2200265u 4500 | ||
|---|---|---|---|
| 001 | 6051041 | ||
| 003 | OSt | ||
| 005 | 20120106125702.0 | ||
| 008 | 850612s1954 enk 000 0 eng | ||
| 010 | _a 55001538 | ||
| 040 |
_aDDC _cCarP _dDDC |
||
| 043 | _ae-fr--- | ||
| 050 | 0 | 0 | _aLAW |
| 082 | _a340.2 | ||
| 100 | 1 |
_aHamson, Charles John. [from old catalog] _95751 |
|
| 245 | 1 | 0 |
_aExecutive discretion and judicial control; _ban aspect of the French Conseil d'Etat. |
| 260 |
_aLondon, _bStevens, _c1954. |
||
| 300 |
_a222 p. _c19 cm. |
||
| 610 | 1 | 0 |
_aFrance. _bConseil d'État. _95752 |
| 650 | 0 |
_aJudicial review of administrative acts _zFrance. _95753 |
|
| 650 | 0 |
_aAdministrative discretion _zFrance. _95754 |
|
| 906 |
_a0 _bcbc _cpremver _du _encip _f19 _gy-gencatlg |
||
| 942 |
_2ddc _cBK |
||
| 999 |
_c4794 _d4794 |
||